000 00748nam a2200229 a 4500
001 26544
003 CO-ViMGA
008 141112s2004 ck r 000 u spa d
020 _a9789589990735
040 _aCO-ViMGA
_bspa
_cCO-ViMGA
090 _aC BOT2
100 1 _aBotero Ospina, Juan David
_941394
245 1 0 _aMi mundo de aventuras y otras historias /
_cJuan David Botero Ospina ; ilustración Luis Miguel Ortíz
260 _aVillavicencio :
_bEntreletras
300 _a51 p. : il. ; 33 cm.
490 _aIluní. Relatos infantiles
500 _aContiene índice y biografía
650 1 4 _aCUENTOS INFANTILES COLOMBIANOS
_92369
650 1 4 _aHISTORIAS INFANTILES
_941395
700 1 _aOrtíz, Luis Miguel, il.
_941396
942 _2ddc
_cBK
999 _c9859
_d9859